Random African City to Country - Statistics

General Stats
  • This quiz has been taken 15 times
  • The average score is 7 of 10
Answer Stats
city country % Correct
Alexandria Egypt
100%
Lagos Nigeria
92%
Mombasa Kenya
85%
Oran Algeria
77%
Abidjan Ivory Coast
77%
Benghazi Libya
77%
Durban South Africa
77%
Douala Cameroon
69%
Kisangani Democratic Republic of the Congo
38%
Dessie Ethiopia
8%
No matching quizzes found
Score Distribution
Percent of People with Each Score
Percentile by Number Answered
Your Score History
You have not taken this quiz